00768nam a22001457a 4500003000900000005001700009008004100026040001300067100002200080245001200102260004400114300001900158490001900177520042600196IT-RoPau20220918181109.0130625b xxu||||| |||| 00| 0 eng d cIT-RoPau aCasillo, Pasquale aIl Papa aRoncade (Treviso)bGrafiche Diproc1994 a104 pp.c21 cm aEdizioni Segno aIndice Capitolo I - L'elezione Capitolo II - Il titolo Capitolo III - Il successore Capitolo IV - Il potere Capitolo V - L'indipendenza Capitolo VI - Il ministero Capitolo VII - Il magistero Capitolo VIII - Il governo Capitolo IX - La responsabilità Capitolo X - Il prestigio Capitolo XI - La perpetuità Capitolo XII - La popolarità Capitolo XIII - Il numero Capitolo XIV - La sovranità Capitolo XV - Le attese